000 00640nam a2200217Ia 4500
005 20250508165848.0
008 008 250505s9999 xx 000 0 hin d
020 _a978-93-5208-074-8
037 _aTextBook
040 _aFEDL
_beng
_cFEDL
041 _ahin
_2eng
084 _a370.154 4, JAI/R
_qFEDL
100 _aJain J L
245 0 _aSuksham- shikshan evam kaushal vikash
260 _aNew Delhi, India
_bAarohi Publications
_c2011
300 _axviii, 246p.
546 _aGifted by Naresh Kumar Yadav
700 _a Yadav Naresh Kumar
_9782231
942 _cTB
_h370.154 4, JAI/R
999 _c1397870
_d1397870